British Standards: Specification for compounding ingredients for rubber test mixes (Record no. 73090)

MARC details
000 -LEADER
fixed length control field 00456nam a2200145Ia 4500
245 #0 - TITLE STATEMENT
Title British Standards: Specification for compounding ingredients for rubber test mixes
260 ## - PUBLICATION, DISTRIBUTION, ETC. (IMPRINT)
Place of publication London
260 ## - PUBLICATION, DISTRIBUTION, ETC. (IMPRINT)
Year of publication 1969
Name of publisher British Standards Institution
490 ## - SERIES STATEMENT
Series statement British Standard
500 ## - GENERAL NOTE
General note Standard number: BS 4398
650 ## - SUBJECT ADDED ENTRY--TOPICAL TERM
Topical Term Rubber compounding ingredients
650 ## - SUBJECT ADDED ENTRY--TOPICAL TERM
Topical Term Rubber test mixes
942 ## - ADDED ENTRY ELEMENTS (KOHA)
Koha item type Standards
Holdings
Withdrawn status Lost status Damaged status Not for loan Home library Current library Date acquired Koha item type
      Standards RRII Library RRII Library 31/12/2021 Standards